[Event "Elit(Stockholms SS-Vaxjo)"]
[Site "?"]
[Date "2022.05.14"]
[Round "8"]
[White "Hillarp, Tiger"]
[Black "Lokander, Martin"]
[Result "1/2-1/2"]
[WhiteElo "508"]
[BlackElo "2473"]
[PlyCount "66"]

1. Nf3 d5 2. g3 g6 3. c4 dxc4 4. Na3 Bg7 5. Nxc4 Nc6 6. d3 e5 7. Bd2 Nge7 8.
Bg2 Be6 9. Bc3 f6 10. b3 Qd7 11. h4 h6 12. Rc1 Rd8 13. Bb2 Bd5 14. Ne3 Be6 15.
Qc2 Nd5 16. Nc4 Ndb4 17. Qb1 Qf7 18. a3 Nd5 19. Ncd2 O-O 20. b4 a6 21. Ne4 Nce7
22. d4 Bf5 23. dxe5 fxe5 24. O-O Nc6 25. e3 Nf6 26. Nxf6+ Bxf6 27. e4 Bg4 28.
Qc2 Rd7 29. Nh2 Be6 30. Qe2 Nd4 31. Bxd4 Rxd4 32. Ng4 Bg7 33. Ne3 c6 1/2-1/2

[Event "Elit(Vasteras-Eksjo)"]
[Site "?"]
[Date "2022.05.14"]
[Round "8"]
[White "Akesson, Ralf"]
[Black "Lukez, Franko"]
[Result "1-0"]
[WhiteElo "2396"]
[BlackElo "2284"]
[PlyCount "133"]

1. Nf3 Nf6 2. c4 g6 3. Nc3 Bg7 4. e4 d6 5. d4 O-O 6. Be2 c5 7. O-O cxd4 8. Nxd4
Nc6 9. Be3 Bd7 10. Qd2 Nxd4 11. Bxd4 Bc6 12. f3 a5 13. Rab1 Nd7 14. Be3 a4 15.
Rfc1 Qa5 16. b4 axb3 17. axb3 Bxc3 18. Rxc3 Qb4 19. Bf1 Ra3 20. Rc2 Qxd2 21.
Bxd2 Nc5 22. b4 Ne6 23. Bc1 Ra4 24. Be3 Ra3 25. Kf2 f5 26. exf5 gxf5 27. c5 Ba4
28. Rcb2 d5 29. Re1 Kf7 30. Bd2 f4 31. Re5 Bb3 32. Bd3 Rfa8 33. Bf5 Kf6 34.
Rxe6+ Kxf5 35. Rxe7 Ra2 36. Bc3 Rxb2+ 37. Bxb2 Ra2 38. Re5+ Kg6 39. Re2 Bc4 40.
Rd2 d4 41. g3 fxg3+ 42. hxg3 h5 43. g4 hxg4 44. fxg4 d3 45. Ke3 Ra8 46. Bc3 Kg5
47. Rg2 Re8+ 48. Kd4 Bb5 49. Bd2+ Kg6 50. Rh2 Re2 51. Rh6+ Kg7 52. Rb6 Bc6 53.
Kxd3 Re6 54. Kc3 Kf7 55. g5 Ke7 56. b5 Be4 57. Rxe6+ Kxe6 58. Kb4 Kd5 59. Be3
Ke6 60. Ka5 Kd7 61. Kb6 Kc8 62. Bf4 Bg6 63. c6 bxc6 64. Kxc6 Be8+ 65. Kc5 Kb7
66. b6 Bg6 67. Be3 1-0

[Event "Elit(Rockaden, Stockholm-Wasa)"]
[Site "?"]
[Date "2022.05.14"]
[Round "8"]
[White "Blomqvist, Erik"]
[Black "Amin, Bassem"]
[Result "1/2-1/2"]
[WhiteElo "2536"]
[BlackElo "2681"]
[PlyCount "76"]
[EventDate "2022.??.??"]

1. e4 e5 2. Nf3 Nc6 3. Nc3 Nf6 4. d4 exd4 5. Nxd4 Bb4 6. Nxc6 bxc6 7. Bd3 d5 8.
exd5 O-O 9. O-O cxd5 10. Bg5 c6 11. Qf3 Re8 12. h3 h6 13. Bxf6 Qxf6 14. Qxf6
gxf6 15. Ne2 Rb8 16. Rad1 c5 17. b3 Be6 18. Nf4 Kf8 19. c4 d4 20. Nd5 Bxd5 21.
cxd5 a5 22. a4 Bc3 23. Bc4 Rb4 24. Rb1 Ke7 25. Rfd1 Kd6 26. Kf1 f5 27. g3 Re5
28. Rbc1 Rb8 29. Rd3 f4 30. Rcd1 Rg8 31. gxf4 Re4 32. Rg3 Rg6 33. Rdd3 Rf6 34.
Rdf3 Bd2 35. Rg8 Re1+ 36. Kg2 Bxf4 37. Rg4 Be5 38. Rxf6+ Bxf6 1/2-1/2

[Event "Elit(Stockholms SS-Vaxjo)"]
[Site "?"]
[Date "2022.05.14"]
[Round "8"]
[White "Hauge, Lars Oskar"]
[Black "Golubka, Petro"]
[Result "1/2-1/2"]
[WhiteElo "2513"]
[BlackElo "2406"]
[PlyCount "54"]

1. e4 e6 2. d4 d5 3. Nc3 dxe4 4. Nxe4 Bd7 5. Nf3 Bc6 6. Bd3 Bxe4 7. Bxe4 c6 8.
c3 Nf6 9. Bc2 Nbd7 10. O-O Bd6 11. Re1 Qc7 12. Qe2 O-O 13. Bg5 Bf4 14. Bxf6
Nxf6 15. Ne5 Rad8 16. Qf3 Bxe5 17. dxe5 Nd7 18. Qe4 g6 19. h4 Qb6 20. h5 Qxb2
21. Rac1 Qa3 22. Qg4 Nxe5 23. Qg3 Rd5 24. Rb1 Qd6 25. Rxb7 Nc4 26. hxg6 hxg6
27. Qg4 Ne5 1/2-1/2

[Event "Elit(Vasteras-Eksjo)"]
[Site "?"]
[Date "2022.05.14"]
[Round "8"]
[White "Gdanski, Jacek"]
[Black "Carlsson, Ludvig"]
[Result "1/2-1/2"]
[WhiteElo "2499"]
[BlackElo "2355"]
[PlyCount "31"]

1. c4 e6 2. Nf3 d5 3. g3 Nf6 4. Bg2 Be7 5. d4 O-O 6. Qc2 c5 7. dxc5 Qa5+ 8. Nc3
Nc6 9. cxd5 Nxd5 10. O-O Qxc5 11. Bd2 Bd7 12. Qb3 Na5 13. Qd1 Nc4 14. Nxd5 Qxd5
15. Bc3 Bc6 16. Qxd5 1/2-1/2

[Event "Elit(Rockaden, Stockholm-Wasa)"]
[Site "?"]
[Date "2022.05.14"]
[Round "8"]
[White "Meshkovs, Nikita"]
[Black "Hammer, Jon Ludvig"]
[Result "0-1"]
[WhiteElo "2561"]
[BlackElo "2613"]
[PlyCount "108"]

1. d4 Nf6 2. c4 e6 3. Nf3 d5 4. g3 Be7 5. Bg2 O-O 6. O-O dxc4 7. Qc2 a6 8. a4
Bd7 9. Bg5 Bc6 10. Rd1 b5 11. Bxf6 Bxf6 12. Nbd2 g6 13. e3 Bd5 14. b3 c5 15.
bxc4 bxc4 16. Nxc4 Ra7 17. Rac1 Bxf3 18. Bxf3 cxd4 19. exd4 Rd7 20. Ne5 Rxd4
21. Qc5 Rxd1+ 22. Rxd1 Qc8 23. Qe3 Qc7 24. Ng4 Bg7 25. Rc1 Qa5 26. Qf4 Nd7 27.
Qd6 Qxa4 28. Rc6 Nb8 29. Rb6 h5 30. Ne3 Qd4 31. Qc7 Be5 32. Qb7 Nd7 33. Rb4
Qa1+ 34. Rb1 Qa2 35. Rd1 Nf6 36. Qb4 Rb8 37. Qc5 Ba1 38. Kg2 Kg7 39. Nc4 Bc3
40. Qc7 Rf8 41. h3 Bb4 42. g4 h4 43. Qf4 Be7 44. Ne5 Qa3 45. Nc6 Nh7 46. Nxe7
Qxe7 47. Ra1 Rc8 48. Rxa6 Rc3 49. Rc6 Ra3 50. Qc1 Qb4 51. Rb6 Qc3 52. Qxc3+
Rxc3 53. Be2 Ng5 54. f3 Rc2 0-1

[Event "Elit(Stockholms SS-Vaxjo)"]
[Site "?"]
[Date "2022.05.14"]
[Round "8"]
[White "Solodovnichenko, Yuri"]
[Black "Ertan, Can"]
[Result "1/2-1/2"]
[WhiteElo "2561"]
[BlackElo "2382"]
[PlyCount "105"]

1. e4 e5 2. Nf3 Nc6 3. d4 exd4 4. Nxd4 Nf6 5. Nxc6 bxc6 6. Bd3 d5 7. Qe2 dxe4
8. Nc3 Bb4 9. Bxe4 Bxc3+ 10. bxc3 Nxe4 11. Qxe4+ Qe7 12. Qxe7+ Kxe7 13. Bf4 Re8
14. O-O-O Be6 15. a3 Bd5 16. Rhg1 Rac8 17. Rd4 Kf6 18. Be3 Ra8 19. Rf4+ Ke7 20.
c4 Be6 21. Bc5+ Kd7 22. Kd2 a6 23. Rd4+ Kc8 24. Kc3 h5 25. h3 Rd8 26. Rh4 g6
27. Re4 a5 28. Re5 Re8 29. Be3 Bd7 30. Rc5 Re6 31. g4 hxg4 32. hxg4 Re4 33. g5
Rh4 34. Rd1 Rh3 35. Re5 Be6 36. a4 Rf3 37. Rd4 Rf5 38. Rde4 Rxe5 39. Rxe5 Kb7
40. Rc5 Ra6 41. f4 Ra8 42. Bd4 Ra6 43. Kd3 Bf5+ 44. Kd2 Ra8 45. Kc3 Bd7 46. Kb3
Ka6 47. Ka3 Kb7 48. Kb2 Ka6 49. Kc1 Re8 50. Kd2 Re4 51. Be3 Re8 52. Ke2 Kb6 53.
Re5+ 1/2-1/2

[Event "Elit(Vasteras-Eksjo)"]
[Site "?"]
[Date "2022.05.14"]
[Round "8"]
[White "Norberg, Johan"]
[Black "Krantz, Christopher"]
[Result "1/2-1/2"]
[WhiteElo "2286"]
[BlackElo "2245"]
[PlyCount "43"]

1. e4 g6 2. d4 Bg7 3. Nc3 c6 4. f4 d5 5. e5 h5 6. Nf3 Nh6 7. Be3 Bg4 8. h3 Bxf3
9. Qxf3 h4 10. Bf2 e6 11. Bd3 Nd7 12. O-O Bf8 13. Ne2 Nf5 14. b3 Be7 15. c4 Kf8
16. Kh2 a5 17. Nc3 Nb6 18. c5 Nd7 19. a3 b5 20. b4 Kg7 21. Rab1 Qc7 22. Qd1
1/2-1/2

[Event "Elit(Rockaden, Stockholm-Wasa)"]
[Site "?"]
[Date "2022.05.14"]
[Round "8"]
[White "Seo, Jung Min"]
[Black "Engqvist, Thomas"]
[Result "1-0"]
[WhiteElo "2466"]
[BlackElo "2322"]
[PlyCount "173"]

1. d4 Nf6 2. c4 c6 3. Nf3 d5 4. e3 g6 5. Nc3 Bg7 6. Bd3 O-O 7. O-O Bg4 8. h3
Bxf3 9. Qxf3 e6 10. Rd1 Nbd7 11. b3 Re8 12. Bb2 a6 13. Qe2 Qc7 14. Rac1 Rad8
15. Qc2 Qb8 16. b4 dxc4 17. Bxc4 Nd5 18. a3 Nxc3 19. Bxc3 Nb6 20. Ba2 Nd5 21.
Be1 h5 22. a4 Qd6 23. Qc4 Nc7 24. Bb3 Rd7 25. Bc2 Red8 26. Qb3 Kh7 27. Bc3 Nd5
28. Be1 Nc7 29. Rd3 e5 30. dxe5 Qxe5 31. Rxd7 Rxd7 32. Rb1 Nd5 33. Rd1 Qc7 34.
Bd3 Kg8 35. Bf1 Qd8 36. Rc1 Nc7 37. Be2 Bf6 38. Qc4 Kg7 39. Qc5 Qe7 40. Qc4 Qe6
41. Qc2 Qe5 42. Rb1 Nd5 43. Rd1 Nb6 44. Rb1 Nd5 45. Bf3 Nc7 46. Qb3 Rd8 47. Qc2
Rd7 48. g3 Qe6 49. Kg2 Qe5 50. Qb3 Qd6 51. Be2 Qd5+ 52. Qxd5 Rxd5 53. f4 Rd8
54. e4 Bd4 55. Kf3 Kf8 56. e5 Ke7 57. Rd1 Bb6 58. Rxd8 Kxd8 59. Ke4 Bg1 60. g4
hxg4 61. hxg4 b5 62. a5 Nd5 63. Bd1 Ne3 64. Bb3 Ke8 65. e6 f6 66. f5 g5 67. Kf3
Ke7 68. Bd2 Nf1 69. Bc1 Bd4 70. Ke2 Ng3+ 71. Kd3 Ba7 72. Bd1 Nh1 73. Bf3 Nf2+
74. Ke2 Kd6 75. Bb2 Ke7 76. Ba1 Nh3 77. Bxc6 Nf2 78. Bf3 Nh3 79. Bb7 Nf2 80.
Kf3 Nd3 81. Bc3 Ne5+ 82. Bxe5 fxe5 83. Bxa6 Bd4 84. Bxb5 Bc3 85. a6 Bd4 86. Ke4
Kd6 87. Bc4 1-0

[Event "Elit(Stockholms SS-Vaxjo)"]
[Site "?"]
[Date "2022.05.14"]
[Round "8"]
[White "Westerberg, Jonathan"]
[Black "Lindberg, Bengt"]
[Result "1-0"]
[WhiteElo "2494"]
[BlackElo "2366"]
[PlyCount "111"]

1. e4 c5 2. Nf3 e6 3. c3 Nf6 4. e5 Nd5 5. g3 Nc6 6. Bg2 d6 7. exd6 Bxd6 8. O-O
O-O 9. d4 a6 10. c4 Nf6 11. Nc3 cxd4 12. Nxd4 Ne5 13. Qe2 Qc7 14. b3 Bd7 15.
Bg5 Ng6 16. Rad1 Be7 17. h4 Qa5 18. Bd2 Bb4 19. Qe1 Rad8 20. Ne4 Bxd2 21. Nxf6+
gxf6 22. Qxd2 Qxd2 23. Rxd2 e5 24. Nc2 Bc8 25. Rfd1 Rxd2 26. Rxd2 Re8 27. c5
Nf8 28. b4 Ne6 29. Be4 Rd8 30. Rxd8+ Nxd8 31. Ne3 Be6 32. a4 h6 33. Nd5 Bxd5
34. Bxd5 Kf8 35. b5 axb5 36. axb5 Ke7 37. f4 exf4 38. gxf4 Ne6 39. Bxb7 Nxc5
40. Bd5 Ne6 41. f5 Nd4 42. b6 Kd6 43. Be4 Ne2+ 44. Kf2 Nc3 45. Bf3 Nb5 46. Ke3
Kd7 47. Kf4 Nd4 48. Be4 Ne2+ 49. Kg4 Kd6 50. Bd5 h5+ 51. Kxh5 Nf4+ 52. Kg4 Nxd5
53. h5 Ne3+ 54. Kf4 Ng2+ 55. Ke4 Nh4 56. h6 1-0

[Event "Elit(Vasteras-Eksjo)"]
[Site "?"]
[Date "2022.05.14"]
[Round "8"]
[White "Rothen, Hakan"]
[Black "Petersson, Baldur Teodor"]
[Result "1/2-1/2"]
[WhiteElo "2247"]
[BlackElo "2242"]
[PlyCount "128"]

1. d4 Nf6 2. Nf3 e6 3. e3 c5 4. Bd3 b6 5. c4 Bb7 6. Nc3 Nc6 7. O-O Be7 8. d5
Nb4 9. e4 d6 10. Be2 e5 11. a3 Na6 12. b4 O-O 13. Rb1 Ne8 14. Ne1 Bg5 15. Nd3
Bxc1 16. Qxc1 Qe7 17. Qd2 g6 18. b5 Nb8 19. a4 Ng7 20. a5 f5 21. Ra1 Nd7 22.
Ra3 Nf6 23. f3 fxe4 24. fxe4 Rf7 25. axb6 axb6 26. Rxa8+ Bxa8 27. Ra1 Bb7 28.
Ra7 Qf8 29. Qg5 Nfh5 30. g3 Bxd5 31. Rxf7 Bxf7 32. Nf2 Ne6 33. Qe3 Nf6 34. Nd5
Nxd5 35. exd5 Nd4 36. g4 Be8 37. Bd1 Bd7 38. Ne4 Kg7 39. g5 Qf5 40. Kg2 Qf8 41.
Nf6 Bf5 42. Qa3 Qb8 43. Bg4 h6 44. h4 Nc2 45. Qc3 Nd4 46. Qa3 hxg5 47. hxg5
Bxg4 48. Nxg4 Ne2 49. Nf6 Nf4+ 50. Kg3 Nh5+ 51. Nxh5+ gxh5 52. Qf3 Qf8 53. Qxh5
Qf4+ 54. Kg2 Qe4+ 55. Kg1 Qb1+ 56. Kg2 Qg6 57. Qg4 Qc2+ 58. Kg3 Qd3+ 59. Kg2
Qd2+ 60. Kh3 Qe3+ 61. Kg2 Kg6 62. Qe6+ Kxg5 63. Qxd6 Qe2+ 64. Kg3 Qe3+ 1/2-1/2

[Event "Elit(Rockaden, Stockholm-Wasa)"]
[Site "?"]
[Date "2022.05.14"]
[Round "8"]
[White "Wedberg, Tom"]
[Black "Hedman, Erik"]
[Result "1/2-1/2"]
[WhiteElo "2406"]
[BlackElo "2368"]
[PlyCount "45"]

1. e4 d6 2. d4 Nf6 3. Nc3 e5 4. Nf3 Nbd7 5. Bc4 Be7 6. O-O O-O 7. Re1 c6 8. a4
h6 9. h3 Re8 10. a5 Qc7 11. Be3 exd4 12. Nxd4 Bf8 13. Bf4 Ne5 14. Bf1 Rb8 15.
Bh2 b5 16. axb6 axb6 17. f4 Ng6 18. Nf3 b5 19. e5 b4 20. exf6 Rxe1 21. Qxe1
bxc3 22. bxc3 gxf6 23. Bd3 1/2-1/2

[Event "Elit(Stockholms SS-Vaxjo)"]
[Site "?"]
[Date "2022.05.14"]
[Round "8"]
[White "Fransson, Patrick"]
[Black "Olund, Joar"]
[Result "0-1"]
[WhiteElo "2150"]
[BlackElo "2349"]
[PlyCount "56"]

1. d4 d5 2. Bg5 Nf6 3. e3 c5 4. c3 Ne4 5. Bh4 Qb6 6. Qb3 Nc6 7. Qxb6 axb6 8. f3
Nd6 9. Nd2 Bf5 10. Bg3 e6 11. Ne2 f6 12. Nf4 g5 13. Nd3 c4 14. Nf2 h5 15. h4 b5
16. Be2 Bg6 17. e4 b4 18. O-O Nb5 19. Nxc4 bxc3 20. Nb6 Ra5 21. bxc3 Nxc3 22.
Bd3 Nxd4 23. exd5 Bxd3 24. Nxd3 Nxd5 25. Nc4 Ra4 26. Nd2 Ne2+ 27. Kf2 Nxg3 28.
Kxg3 Rd4 0-1

[Event "Elit(Vasteras-Eksjo)"]
[Site "?"]
[Date "2022.05.14"]
[Round "8"]
[White "Norberg, Erik"]
[Black "Johnson, Bjorn"]
[Result "0-1"]
[WhiteElo "2235"]
[BlackElo "2187"]
[PlyCount "100"]

1. c4 f5 2. Nc3 Nf6 3. g3 e5 4. Bg2 Be7 5. d3 d6 6. Nf3 O-O 7. O-O Qe8 8. a3 a5
9. Bg5 Be6 10. b4 Nbd7 11. Nb5 Qb8 12. Nd2 c6 13. Nc3 d5 14. cxd5 cxd5 15. Rb1
axb4 16. axb4 Qd6 17. e3 Rfc8 18. Ne2 h6 19. Bxf6 Nxf6 20. d4 e4 21. Qb3 Nd7
22. f3 Nb6 23. Nc3 Nc4 24. Nxc4 Rxc4 25. Na2 Qa6 26. Rf2 Qa3 27. Bf1 Rc6 28. b5
Rcc8 29. Rd2 Qd6 30. Nb4 Qxb4 31. Qxb4 Bxb4 32. Rxb4 Ra3 33. Kf2 Rcc3 34. Re2
Bf7 35. Bg2 g5 36. fxe4 fxe4 37. g4 Be6 38. h3 Kg7 39. b6 h5 40. gxh5 Kh6 41.
Rbb2 Kxh5 42. Ra2 Kh4 43. Rxa3 Rxa3 44. Rc2 Rb3 45. Rc7 Rb2+ 46. Kg1 Kg3 47.
Bf1 Rxb6 48. Rg7 g4 49. Rg5 Rb1 50. Rg6 Bc8 0-1

[Event "Elit(Rockaden, Stockholm-Wasa)"]
[Site "?"]
[Date "2022.05.14"]
[Round "8"]
[White "Barkhagen, Jonas"]
[Black "Wessman, Richard"]
[Result "1/2-1/2"]
[WhiteElo "2439"]
[BlackElo "2422"]
[PlyCount "143"]

1. d4 d5 2. c4 c6 3. Nc3 Nf6 4. cxd5 cxd5 5. Bf4 Nc6 6. e3 Bf5 7. Qb3 Na5 8.
Qa4+ Bd7 9. Bb5 e6 10. Nf3 a6 11. Bxd7+ Nxd7 12. O-O Rc8 13. Rfc1 Rc4 14. Qd1
Bb4 15. Qd3 O-O 16. Ng5 g6 17. e4 Qf6 18. Qh3 h5 19. Ne2 dxe4 20. Nxe4 Qf5 21.
Qxf5 gxf5 22. N4g3 h4 23. Nf1 Be7 24. Ne3 Rcc8 25. Rc7 Rxc7 26. Bxc7 Nc6 27. d5
Nb4 28. Nf4 Rc8 29. Ba5 Nxd5 30. Nfxd5 exd5 31. Nxd5 Bf6 32. Rd1 Rc2 33. Ne3
Rxb2 34. Rxd7 Rxa2 35. Bb6 f4 36. Nf1 a5 37. Rxb7 Rb2 38. Rb8+ Kg7 39. Bc7 Rxb8
40. Bxb8 a4 41. Bxf4 a3 42. Ne3 a2 43. Nc2 Kg6 44. Kf1 Kf5 45. Be3 a1=Q+ 46.
Nxa1 Bxa1 47. Ke2 Be5 48. h3 Bf6 49. Kd3 Be5 50. Kc4 Bf6 51. Kd5 Bc3 52. Bd4
Bd2 53. Bb6 Be1 54. Bc5 Bd2 55. Be7 f6 56. Bc5 Bf4 57. Bd6 Bd2 58. Bc7 Bb4 59.
Bb6 Bc3 60. Kd6 Be5+ 61. Ke7 Kg6 62. Ke6 Bc3 63. Bd8 Be1 64. Bb6 Bc3 65. Bc5
Bd2 66. Bd4 Be1 67. f3 f5 68. Bf6 Bg3 69. Bd8 Be1 70. Ke5 Bc3+ 71. Kf4 Bd2+ 72.
Ke5 1/2-1/2

[Event "Elit(Stockholms SS-Vaxjo)"]
[Site "?"]
[Date "2022.05.14"]
[Round "8"]
[White "Cederstam, Carl"]
[Black "Rydstrom, Tom"]
[Result "1-0"]
[WhiteElo "2368"]
[BlackElo "2300"]
[PlyCount "53"]

1. Nf3 d5 2. g3 c6 3. Bg2 Bg4 4. c4 e6 5. O-O Nd7 6. d3 Bd6 7. Qc2 Ne7 8. Nc3
O-O 9. e4 a6 10. cxd5 cxd5 11. exd5 exd5 12. Bg5 Rc8 13. Qd2 f6 14. Bf4 Bb4 15.
a3 Ba5 16. b4 Bb6 17. Rac1 Re8 18. Qa2 Be6 19. Na4 Ba7 20. Rfe1 Bf7 21. Rxc8
Nxc8 22. Rxe8+ Qxe8 23. d4 Qe4 24. Nc3 Qd3 25. Qd2 Qc4 26. Bf1 Qb3 27. Qc1 1-0

[Event "Elit(Vasteras-Eksjo)"]
[Site "?"]
[Date "2022.05.14"]
[Round "8"]
[White "Malesevic, Nedeljko"]
[Black "Eriksson, Anders"]
[Result "1-0"]
[WhiteElo "2234"]
[BlackElo "2233"]
[PlyCount "113"]

1. d4 Nf6 2. c4 e6 3. Nf3 Bb4+ 4. Nbd2 O-O 5. a3 Be7 6. e4 d5 7. e5 Nfd7 8.
cxd5 exd5 9. Bd3 c5 10. Qc2 h6 11. O-O Nc6 12. Re1 c4 13. Bf5 Nb6 14. Nf1 Bxf5
15. Qxf5 Qc8 16. Qh5 Qe6 17. Ne3 Rfe8 18. Ng4 Qg6 19. Qxg6 fxg6 20. Ne3 Red8
21. Nd1 g5 22. h3 Kf7 23. Nc3 Ke6 24. Be3 Rac8 25. g3 Na5 26. Re2 a6 27. Rf1
Na8 28. Ne1 Rf8 29. f4 gxf4 30. gxf4 Rf7 31. f5+ Rxf5 32. Rxf5 Kxf5 33. Nxd5
Nc6 34. Ng2 Rd8 35. Rf2+ Kg6 36. Ngf4+ Kh7 37. Nxe7 Nxe7 38. Ne6 Re8 39. Rf8
Rxf8 40. Nxf8+ Kg8 41. Ne6 Nd5 42. Kf2 Nac7 43. Nd8 b5 44. Bd2 Kf8 45. Kf3 Ke7
46. Nb7 Kd7 47. Ke4 Kc6 48. Nc5 Kb6 49. Ne6 c3 50. bxc3 Nxc3+ 51. Bxc3 Nxe6 52.
Kd5 Ng5 53. e6 Kc7 54. Ba5+ Kc8 55. Kd6 Ne4+ 56. Kc6 g5 57. d5 1-0

[Event "Elit(Rockaden, Stockholm-Wasa)"]
[Site "?"]
[Date "2022.05.14"]
[Round "8"]
[White "Grandell, Anders"]
[Black "Trost, Edvin"]
[Result "0-1"]
[WhiteElo "2283"]
[BlackElo "2245"]
[PlyCount "90"]

1. d4 d5 2. c4 c6 3. Nc3 dxc4 4. g3 Nf6 5. Bg2 Bf5 6. e4 Bg6 7. h4 h6 8. Nh3 e5
9. Be3 Bb4 10. f3 Nbd7 11. O-O exd4 12. Bxd4 Nc5 13. Ne2 Ne6 14. Bc3 Qb6+ 15.
Kh1 Rd8 16. Qe1 Bxc3 17. Qxc3 Qc5 18. Nhf4 O-O 19. Nxe6 fxe6 20. b4 Qe7 21.
Qxc4 Bf7 22. Qc3 e5 23. a4 b5 24. axb5 cxb5 25. Rfd1 Bc4 26. Ng1 Nh5 27. Kh2
Kh7 28. Bh3 Rd6 29. Bg4 Nf6 30. Bf5+ Kh8 31. Rxd6 Qxd6 32. Nh3 a6 33. Nf2 Nd5
34. exd5 Rxf5 35. Ne4 Qxd5 36. Rxa6 Qd1 37. Nd2 Qe2+ 38. Kh3 Rf8 39. Rd6 Qe1
40. Kg4 Rc8 41. Qa3 h5+ 42. Kxh5 Qxg3 43. Nxc4 Rxc4 44. Rd8+ Kh7 45. Qd3+ g6+
0-1

[Event "Elit(Stockholms SS-Vaxjo)"]
[Site "?"]
[Date "2022.05.14"]
[Round "8"]
[White "Olofsson-Dolk, Mattis"]
[Black "Thorn, Eric"]
[Result "1/2-1/2"]
[WhiteElo "2176"]
[BlackElo "2341"]
[PlyCount "99"]

1. e4 e5 2. Nf3 Nc6 3. Bb5 a6 4. Ba4 Nf6 5. O-O Be7 6. d3 b5 7. Bb3 O-O 8. Nc3
d6 9. a3 Na5 10. Ba2 Be6 11. Bxe6 fxe6 12. b4 Nc6 13. Bd2 Qd7 14. Qe2 Nd4 15.
Nxd4 exd4 16. Na2 e5 17. c3 c5 18. f4 Rac8 19. Rac1 Qe6 20. fxe5 dxe5 21. c4
cxb4 22. axb4 Rfd8 23. Rf3 bxc4 24. dxc4 Qg4 25. Re1 d3 26. Rxd3 Qxe2 27. Rxd8+
Bxd8 28. Rxe2 Rxc4 29. Bc3 Bc7 30. Kf1 Nxe4 31. Re3 Bb6 32. Rd3 Bd4 33. Bxd4
exd4 34. Ra3 Rc6 35. Ke2 Nc3+ 36. Nxc3 dxc3 37. Kd1 Rc4 38. Rxa6 Rxb4 39. Ra2
Rd4+ 40. Kc2 Rd2+ 41. Kb3 Rxa2 42. Kxa2 Kf7 43. Kb3 Ke6 44. Kxc3 Ke5 45. Kd3
Kf4 46. Ke2 Ke4 47. Kf2 Kf4 48. Ke2 Ke4 49. Kf2 Kf4 50. Ke2 1/2-1/2

[Event "Elit(Vasteras-Eksjo)"]
[Site "?"]
[Date "2022.05.14"]
[Round "8"]
[White "Janse, Love"]
[Black "Thornert, Hakan"]
[Result "1-0"]
[WhiteElo "2199"]
[BlackElo "2174"]
[PlyCount "219"]

1. e4 c5 2. Nc3 g6 3. f4 Bg7 4. Nf3 Nc6 5. Bb5 Nd4 6. O-O a6 7. Bd3 d6 8. Nxd4
cxd4 9. Ne2 Nf6 10. b3 Nd7 11. Qe1 Nc5 12. Qf2 f5 13. Ng3 Nxd3 14. cxd3 O-O 15.
Bb2 Qb6 16. Rac1 Bd7 17. exf5 Bxf5 18. Nxf5 Rxf5 19. Qe2 e5 20. fxe5 Rxf1+ 21.
Rxf1 dxe5 22. Qf3 Qe6 23. Qxb7 Rf8 24. Ba3 Rxf1+ 25. Kxf1 Qf7+ 26. Qxf7+ Kxf7
27. Ke2 Ke6 28. Kf3 Kd5 29. Bb4 Bf6 30. a4 Bd8 31. Bf8 Bg5 32. Ke2 Bd8 33. b4
Bc7 34. Kf3 Bd8 35. g3 Bg5 36. Ke2 Bd8 37. b5 axb5 38. axb5 Ba5 39. Bg7 Bc7 40.
Kf3 Ba5 41. Bf6 Ke6 42. Bg5 Kd5 43. Be7 Bb6 44. Kg4 e4 45. dxe4+ Kxe4 46. Kg5
Kd3 47. Kh6 Kxd2 48. Kxh7 Ke2 49. Kxg6 d3 50. Bg5 Be3 51. Bxe3 Kxe3 52. b6 d2
53. b7 d1=Q 54. b8=Q Qc2+ 55. Kg5 Qxh2 56. Qf4+ Kd3 57. g4 Qh8 58. Qf6 Qa8 59.
Kh6 Kd2 60. g5 Qh1+ 61. Kg7 Qb7+ 62. Qf7 Qb2+ 63. Kh7 Qb1+ 64. g6 Qh1+ 65. Kg7
Qa1+ 66. Qf6 Qa8 67. Qg5+ Kc2 68. Qf5+ Kd1 69. Qd7+ Kc1 70. Qc7+ Kd1 71. Qd6+
Kc1 72. Qc5+ Kd1 73. Qd4+ Kc1 74. Qg1+ Kd2 75. Qf2+ Kd1 76. Qf1+ Kd2 77. Qf4+
Kd1 78. Kh7 Qh1+ 79. Qh6 Qe4 80. Qh5+ Kc2 81. Qc5+ Kb1 82. Qg1+ Kc2 83. Qh2+
Kb1 84. Qh3 Kc2 85. Kg7 Qe5+ 86. Kh7 Qe4 87. Qh2+ Kb1 88. Qb8+ Kc2 89. Qc7+ Kb1
90. Kg7 Qd4+ 91. Kh7 Qe4 92. Kg7 Qd4+ 93. Kg8 Qd5+ 94. Kh8 Qa8+ 95. Kg7 Qe4 96.
Qb6+ Kc2 97. Qc5+ Kb1 98. Kf6 Qh4+ 99. Qg5 Qd4+ 100. Qe5 Qb6+ 101. Kf5 Qf2+
102. Qf4 Qc5+ 103. Kf6 Qf8+ 104. Kg5 Qd8+ 105. Kh5 Qh8+ 106. Kg4 Qg7 107. Qe4+
Ka2 108. Kg5 Ka3 109. Qf3+ Kb2 110. Qf6+ 1-0

[Event "Elit(Rockaden, Stockholm-Wasa)"]
[Site "?"]
[Date "2022.05.14"]
[Round "8"]
[White "Kenneskog, Theodor"]
[Black "Bellon Lopez, Juan Manuel"]
[Result "1-0"]
[WhiteElo "2346"]
[BlackElo "2322"]
[PlyCount "73"]
[EventDate "2022.??.??"]

1. e4 c5 2. Nf3 Nc6 3. d4 cxd4 4. Nxd4 g6 5. c4 Bg7 6. Be3 Nf6 7. Nc3 O-O 8.
Be2 b6 9. h4 Bb7 10. h5 Nxd4 11. Bxd4 d6 12. Qd3 Qc8 13. h6 Bh8 14. Nd5 Bxd5
15. exd5 e5 16. dxe6 Qxe6 17. O-O Rac8 18. Rfe1 Nd7 19. Bxh8 Kxh8 20. Rad1 Ne5
21. Qxd6 Qxd6 22. Rxd6 Rfe8 23. Kf1 f5 24. b3 Kg8 25. f4 Nf7 26. Rd7 Re4 27.
Bf3 Rxe1+ 28. Kxe1 Nxh6 29. Rxa7 Ng4 30. Rb7 Re8+ 31. Kd2 Ra8 32. Bd5+ Kf8 33.
a4 Ra6 34. Rxh7 b5 35. axb5 Ra2+ 36. Kc3 Ne3 37. b6 1-0

[Event "Elit(Stockholms SS-Vaxjo)"]
[Site "?"]
[Date "2022.05.14"]
[Round "8"]
[White "Renman, Nils-Gustaf"]
[Black "Lindborg, Patrik"]
[Result "1/2-1/2"]
[WhiteElo "2301"]
[BlackElo "2142"]
[PlyCount "120"]

1. d4 Nf6 2. c4 g6 3. Nc3 Bg7 4. e4 d6 5. Nf3 O-O 6. Be3 e5 7. dxe5 dxe5 8.
Qxd8 Rxd8 9. Nd5 Rd7 10. Nxf6+ Bxf6 11. c5 Kg7 12. g4 Kg8 13. g5 Bg7 14. Bh3
Rd8 15. Bxc8 Rxc8 16. O-O-O Nc6 17. Rd7 Nd8 18. Nd2 Ne6 19. Nc4 Rd8 20. Rxd8+
Rxd8 21. Na5 Rb8 22. Rd1 Kf8 23. Rd3 Ke8 24. b4 a6 25. Rd5 Nd8 26. a3 Ke7 27.
Kc2 Ke6 28. Kb3 Nc6 29. Nxc6 bxc6 30. Rd3 a5 31. Bd2 Bf8 32. Kc4 axb4 33. Bxb4
h6 34. gxh6 Bxh6 35. a4 Bf4 36. Rh3 Kd7 37. a5 Rf8 38. Rh7 Kc8 39. a6 Kb8 40.
Ba5 Bg5 41. Bc3 Bf4 42. h4 Ka7 43. Ba5 Rd8 44. Rxf7 Rd4+ 45. Kb3 Kxa6 46. Bc3
Rxe4 47. Rxc7 Kb5 48. Rb7+ Kxc5 49. Bb4+ Kd5 50. Rd7+ Ke6 51. Rd6+ Kf5 52. Rxc6
Re2 53. Be7 Rxf2 54. Rf6+ Ke4 55. Rxg6 Kf3 56. Bg5 Rh2 57. Kc4 Bg3 58. Kd5 e4
59. Rf6+ Kg4 60. Kxe4 Bxh4 1/2-1/2

[Event "Elit(Kungstornet-Limhamn)"]
[Site "?"]
[Date "2022.05.14"]
[Round "8"]
[White "Johansson, Linus"]
[Black "von Bahr, Oskar"]
[Result "1/2-1/2"]
[WhiteElo "2473"]
[BlackElo "2386"]
[PlyCount "139"]

1. d4 Nf6 2. c4 g6 3. Nc3 d5 4. cxd5 Nxd5 5. e4 Nxc3 6. bxc3 Bg7 7. Qa4+ Nd7 8.
Nf3 O-O 9. Be2 c5 10. O-O Nb6 11. Qa3 cxd4 12. cxd4 Bg4 13. Bg5 Bxf3 14. Bxf3
Qxd4 15. Qxe7 Qa4 16. Bd1 Qa5 17. Bb3 Nc8 18. Qxb7 Nd6 19. Qd5 Qxd5 20. Bxd5
Bxa1 21. Rxa1 Rae8 22. Bh6 Nxe4 23. g3 Nc3 24. Bf3 Re5 25. Bxf8 Kxf8 26. Kf1
Ra5 27. a3 Ke7 28. Ke1 Kd6 29. Kd2 Rxa3 30. Rc1 Nd5 31. Bxd5 Kxd5 32. Rc7 Ke6
33. h4 h5 34. Ke2 Ra2+ 35. Kf3 Ra3+ 36. Kf4 Ra5 37. f3 Rf5+ 38. Ke4 Re5+ 39.
Kf4 Rf5+ 40. Ke4 Ra5 41. Rc6+ Kd7 42. Rf6 Ke7 43. Rc6 Ra1 44. Ke5 f6+ 45. Ke4
Ra4+ 46. Ke3 Kf7 47. Rc7+ Ke6 48. Rc6+ Ke5 49. Rc5+ Kd6 50. Rc8 Ra3+ 51. Kf4
g5+ 52. hxg5 fxg5+ 53. Kxg5 Rxf3 54. Kh4 a5 55. Ra8 Rf5 56. g4 hxg4 57. Kxg4
Rc5 58. Kf4 Kd5 59. Ke3 Kc4 60. Kd2 Kb3 61. Rb8+ Ka2 62. Ra8 Kb3 63. Rb8+ Ka3
64. Rb7 a4 65. Rb8 Ka2 66. Rb7 a3 67. Rb8 Rh5 68. Kc2 Rh2+ 69. Kc1 Rb2 70. Rc8
1/2-1/2

[Event "Elit(Team Pelaro Alingsas-LASK)"]
[Site "?"]
[Date "2022.05.14"]
[Round "8"]
[White "Tari, Aryan"]
[Black "Sorensen, Hampus"]
[Result "1-0"]
[WhiteElo "2660"]
[BlackElo "2379"]
[PlyCount "81"]
[SourceDate "2022.05.20"]

1. e4 e5 2. Nf3 Nc6 3. Bc4 Bc5 4. c3 Nf6 5. d3 a6 6. O-O Ba7 7. Re1 d6 8. a4 h6
9. Nbd2 O-O 10. h3 Ne7 11. Nf1 Ng6 12. Bb3 a5 13. Ng3 Re8 14. d4 c6 15. Bc2 Qc7
16. Be3 Be6 17. Bd3 Bb6 18. Qc2 Rad8 19. Rad1 Nh7 20. Nh5 Qe7 21. Kh1 Bc7 22.
Ng3 Nh4 23. Nxh4 Qxh4 24. d5 Bc8 25. c4 c5 26. Nf5 Qf6 27. Bd2 Nf8 28. Re3 Ng6
29. Rf3 Nf4 30. Bf1 g5 31. g3 Bxf5 32. exf5 Nh5 33. Be2 Ng7 34. Qe4 Rd7 35. Kg2
Kf8 36. h4 gxh4 37. Rh1 Ke7 38. Rxh4 Rh8 39. Bg5 hxg5 40. Rxh8 Rd8 41. Rh7 1-0